|
|
|
|
| LEADER |
01126nam a2200265 a 4500 |
| 001 |
GR-MES8851 |
| 003 |
GR-PaULI |
| 005 |
20230314115128.0 |
| 008 |
030910s2001 gr b 000 0 eng d |
| 020 |
|
|
|a 1558604898
|
| 040 |
|
|
|a GrPaTEI
|b gre
|c GR-PaULI
|
| 040 |
|
|
|a GrPaTEI
|b gre
|c GR-PaULI
|
| 082 |
|
0 |
|a 006.3
|2 21
|
| 100 |
1 |
|
|a Han, Jiawei
|
| 245 |
1 |
0 |
|a Data Mining :
|b concepts and techniques /
|c Jiawei Han ; Micheline Kamber.
|
| 260 |
|
|
|a San Francisco :
|b Morgan Kaufmann,
|c 2001
|
| 300 |
|
|
|a 550σ. ;
|c 21εκ.
|
| 500 |
|
|
|a Περιλαμβάνει ευρετήριο
|
| 504 |
|
|
|a Περιλαμβάνει βιβλιογραφικές παραπομπές.
|
| 650 |
|
4 |
|a ΜΕΤΑΛΛΕΥΣΗ ΠΛΗΡΟΦΟΡΙΩΝ
|
| 700 |
1 |
|
|a KAMBER, MICHELINE
|
| 942 |
|
|
|2 ddc
|c BK
|
| 952 |
|
|
|0 0
|1 0
|4 0
|6 006_300000000000000_HAN
|7 0
|9 138940
|a CEID
|b CEID
|d 2016-04-24
|l 0
|o 006.3 HAN
|r 2016-04-24 00:00:00
|t 1
|w 2016-04-24
|
| 952 |
|
|
|0 0
|1 0
|2 ddc
|4 0
|6 006_300000000000000_HAN
|7 0
|9 322362
|a MSLG
|b MSLG
|c BSC
|d 2021-01-23
|e 24
|f 0
|g 0.00
|l 0
|o 006.3 HAN
|p 2420000018920
|r 2021-01-23 00:00:00
|t 1
|w 2021-01-23
|y BK15
|x 20030910 0 1
|x GrPaTEI
|
| 999 |
|
|
|c 181388
|d 181388
|